00514 2200169 4500001002100000008004100021035002000062245006800082100002800150260004200178300001300220020002200233084001400255082000800269650004900277990001800326INLIS000000000000813 ind  a0010-0724000813 aPembentukan Kata Dalam Bahasa IndonesiacHarimurti Kridalaksana aKridalaksana, Harimurti aJakarta :bPT. Gramedia Pustakac2009 a242 hlm. a978-979-403-678-5 a411 KRI p a411 aSistem Tulisan dan Fonologi Bahasa Indonesia aP29/CP/24/813